Charlie y la fábrica de chocolate /
Guardado en:
| Autor Principal: | |
|---|---|
| Formato: | Libro |
| Publicado: |
Madrid :
Alfaguara,
2007.
|
| Series: | Alfaguara Juvenil
|
| Materias: | |
| Etiquetas: |
Agregar Etiqueta
Sin Etiquetas, Sea el primero en etiquetar este registro!
|
| LEADER | 00602nam a22001935a 4500 | ||
|---|---|---|---|
| 001 | CEM.cems018568 | ||
| 008 | 130507s2007##################000#0#####d | ||
| 005 | 20221006090434.0 | ||
| 245 | 1 | 0 | |a Charlie y la fábrica de chocolate / |c Roald Dahl, Ilustrado Por Quenyin Blake |
| 260 | |a Madrid : |b Alfaguara, |c 2007. | ||
| 300 | |a 199p. il ; 20cm. | ||
| 490 | 0 | |a Alfaguara Juvenil | |
| 020 | |a 9788420464503 | ||
| 100 | 1 | |a Dahl, Roald. | |
| 082 | 0 | 4 | |a 823.9 |
| 653 | |a Literatura infantil | ||
| 653 | |a Literatura juvenil | ||
| 653 | |a Literatura Noruega | ||
| 859 | |a CEMS |b BIB. CEMS - Agricultura |h 823.9 |i D137 |p A2931.17 |t Ej.1 | ||
